| 000 | 00453nam a2200145Ia 4500 | ||
|---|---|---|---|
| 003 | LK-CoDNM | ||
| 008 | 010623t1984 xxu||||| |||| 00| 1 eng d | ||
| 040 |
_aLK-CoDNM _dLK-CoDNM _eLK-CoDNM |
||
| 041 | _aeng | ||
| 080 |
_a(x) 042 _bARI |
||
| 245 | _aMessage of the Buddha Address delivered by the Anagarika Dharmapala at the Town Hall,New York in 1981 | ||
| 260 |
_bDepartment of Buddhist Affairs _aColombo _c1984 |
||
| 300 | _b20p., 21 cm | ||
| 942 | _cBK | ||
| 999 |
_c112444 _d112444 |
||